000
00221nam a2200085Ia 4500
008
170620s9999 xx 000 0 und d
100
_a
Hurlock- Elizabeth B
245
0
_a
Personality development
260
_b
New Delhi- Tata McGraw Hill
260
_c
2011
999
_c
25628
_d
25628